000 01092nam a2200265Ia 4500
003 OSt
005 20220930095027.0
006 a|||||r|||| 00| 0
007 ta
008 220926b |||||||| |||| 00| 0 hin d
024 _a67005
037 _cTheses
040 _aCRL
_cCRL
_bhin
041 _2hin
_ahin
100 _aगुप्ता, विक्रम, ले.
110 _aदिल्ली विश्वविद्यालय. कला संकाय. हिन्दी विभाग
245 0 _aहिन्दी शब्दकोश परंपरा का विश्लेषण, विक्रम गुप्ता
246 _aHindī shabdakosh paranparā kā vishleṣhaṇa, vikram guptā
260 _c2019
300 _a349पृ0
_ap.
_ccm.
650 _aहिन्दी शब्दकोश
700 _aदिल्ली विश्वविद्यालय. कला संकाय. हिन्दी विभाग
942 _cDIS
_2CC
999 _c888188
_d888188